Poetics of Alfarabi and Avicenna. (Record no. 12896)

MARC details
000 -LEADER
fixed length control field 00580nam a2200241 a 4500
020 ## - INTERNATIONAL STANDARD BOOK NUMBER
ISBN 9004710
082 00 - DEWEY DECIMAL CLASSIFICATION NUMBER
Classification number 181.07
Author Cutter KEM
100 ## - MAIN ENTRY--AUTHOR NAME
Author name Kemal, Salim
245 ## - TITLE STATEMENT
Title Poetics of Alfarabi and Avicenna.
260 ## - PUBLICATION, DISTRIBUTION, ETC. (IMPRINT)
Place of publication Leiden
Name of publisher Brill
Year of publication 1991
300 ## - PHYSICAL DESCRIPTION
Number of Pages 283p
500 ## - GENERAL NOTE
General note includes index and biblioraphy
505 2# - FORMATTED CONTENTS NOTE
Formatted contents note indexes
650 ## - SUBJECT ADDED ENTRY--TOPICAL TERM
Topical Term Islamic-Poetry
942 ## - ADDED ENTRY ELEMENTS (KOHA)
Koha item type Books
700 1# -
-- Kemal, Salim
Holdings
Collection code Home library Current library Date acquired Cost, normal purchase price Full call number Accession Number Koha item type
  Henry Martyn Institute Library Henry Martyn Institute Library 03/16/2007 4469.00 181.07 KEM 019690 Books
                   Copyright © 2026 | Henry Martyn Institute | Hyderabad | TS-500052 | INDIA | Implemented by hmi.edu.in
Hit-Count:

Powered by Koha